[Event "I Torneo Low-cost Cape"]
[Site "Madrid ESP"]
[Date "2009.08.03"]
[Round "1.1"]
[White "Gormaz Lietor, Andres Miguel"]
[Black "Elissalt Cardenas, Hector"]
[Result "0-1"]
[WhiteElo "1825"]
[BlackElo "2338"]
[PlyCount "72"]
[EventDate "2009.08.03"]
[EventType "swiss"]
[EventRounds "8"]
[EventCountry "ESP"]
[Source "lmi"]
[SourceDate "2009.08.03"]

1. e4 c5 2. Nf3 e6 3. d4 cxd4 4. Nxd4 a6 5. Be2 Nf6 6. Nc3 Qc7 7. Be3 b5 8. g4
Bb7 9. f3 Nc6 10. Qd2 Rc8 11. O-O-O Ne5 12. Kb1 Nc4 13. Bxc4 Qxc4 14. h4 d5 15.
e5 Nd7 16. Nb3 Qc7 17. Rhe1 Nxe5 18. Qf2 Nc4 19. Bc1 Be7 20. f4 O-O 21. Nd4 Bb4
22. Rd3 Nd6 23. f5 e5 24. Rxe5 Ne4 25. Rxe4 dxe4 26. Rg3 Bd6 27. Rg1 Be5 28.
Be3 Rfd8 29. a3 b4 30. axb4 Qd6 31. Nce2 Qxb4 32. c3 Qc4 33. g5 Bd5 34. Nc1 Rb8
35. Rg2 Qxc3 36. Nce2 Qxb2# 0-1

[Event "I Torneo Low-cost Cape"]
[Site "Madrid ESP"]
[Date "2009.08.03"]
[Round "1.2"]
[White "Tejedor Ariza, Francisco"]
[Black "Tolosana Esteban, Enrique"]
[Result "1-0"]
[WhiteElo "2170"]
[BlackElo "1861"]
[PlyCount "59"]
[EventDate "2009.08.03"]
[EventType "swiss"]
[EventRounds "8"]
[EventCountry "ESP"]
[Source "lmi"]
[SourceDate "2009.08.03"]

1. e4 c5 2. Nf3 e6 3. d4 cxd4 4. Nxd4 a6 5. Bd3 Qc7 6. O-O Nf6 7. b3 b5 8. Bb2
Bb7 9. Nd2 Bc5 10. Qe2 Nc6 11. Nxc6 Qxc6 12. c4 bxc4 13. Nxc4 a5 14. Ne5 Qb6
15. Rac1 d5 16. Bb5+ Ke7 17. exd5 Nxd5 18. Nd7 Nf4 19. Qc4 Bxg2 20. Nxb6 Bd6
21. Nxa8 Bf3 22. Rfd1 Ne2+ 23. Kf1 Nxc1 24. Rxc1 Rxa8 25. Bc6 Bxc6 26. Qxc6 Ra7
27. Rd1 Rd7 28. Ba3 Bxa3 29. Rxd7+ Kf6 30. Qf3+ 1-0

[Event "I Torneo Low-cost Cape"]
[Site "Madrid ESP"]
[Date "2009.08.03"]
[Round "1.3"]
[White "Fariñas Lucas, Juan Antonio"]
[Black "Ventas Cosano, David"]
[Result "0-1"]
[WhiteElo "1772"]
[BlackElo "2148"]
[PlyCount "42"]
[EventDate "2009.08.03"]
[EventType "swiss"]
[EventRounds "8"]
[EventCountry "ESP"]
[Source "lmi"]
[SourceDate "2009.08.03"]

1. e4 c5 2. d4 cxd4 3. c3 dxc3 4. Nxc3 Nc6 5. Nf3 d6 6. Bc4 Nf6 7. Qe2 Bg4 8.
h3 Nd4 9. Qd3 Nxf3+ 10. gxf3 Be6 11. Be3 g6 12. O-O-O a6 13. a4 Bg7 14. Bxe6
fxe6 15. f4 Qc8 16. e5 Nd5 17. Kd2 Nxc3 18. bxc3 dxe5 19. fxe5 Bxe5 20. Bd4
Bxd4 21. cxd4 Rf8 0-1

[Event "I Torneo Low-cost Cape"]
[Site "Madrid ESP"]
[Date "2009.08.03"]
[Round "1.4"]
[White "Vallejo Nuño, Jorge"]
[Black "Ananian, Arman"]
[Result "1-0"]
[WhiteElo "2083"]
[BlackElo "1790"]
[PlyCount "35"]
[EventDate "2009.08.03"]
[EventType "swiss"]
[EventRounds "8"]
[EventCountry "ESP"]
[Source "lmi"]
[SourceDate "2009.08.03"]

1. e4 d5 2. exd5 Qxd5 3. Nc3 Qd6 4. b3 Nf6 5. Bb2 a6 6. d4 g6 7. Nf3 Bg7 8. Qd2
Bf5 9. Bd3 Bg4 10. Be2 Nbd7 11. O-O c6 12. Rfe1 O-O 13. Rad1 Rfe8 14. Ne5 Bxe2
15. Qxe2 Qc7 16. Qc4 Nxe5 17. dxe5 Nd7 18. e6 1-0

[Event "I Torneo Low-cost Cape"]
[Site "Madrid ESP"]
[Date "2009.08.03"]
[Round "1.5"]
[White "Garcia-Ines Sanchez, Gustavo"]
[Black "Rodriguez De Castro, Ayar"]
[Result "1/2-1/2"]
[WhiteElo "1793"]
[BlackElo "2084"]
[PlyCount "81"]
[EventDate "2009.08.03"]
[EventType "swiss"]
[EventRounds "8"]
[EventCountry "ESP"]
[Source "lmi"]
[SourceDate "2009.08.03"]

1. e4 d6 2. Nf3 Nf6 3. d3 Bg4 4. h3 Bd7 5. Nc3 e5 6. Be3 c6 7. Qd2 Be7 8. g4 b5
9. g5 Nh5 10. Be2 g6 11. d4 b4 12. Nd1 Nf4 13. Bxf4 exf4 14. Qxf4 O-O 15. h4 f6
16. Qh2 Bg4 17. Ne3 Bh5 18. Ng1 Nd7 19. Bxh5 gxh5 20. f4 c5 21. Qe2 cxd4 22.
Nd5 Rc8 23. Nf3 Nb6 24. Nxe7+ Qxe7 25. Nxd4 fxg5 26. hxg5 Rxf4 27. O-O-O Rxe4
28. Qxh5 Rc5 29. Qh3 Nc4 30. Kb1 Qg7 31. g6 hxg6 32. c3 Re3 33. Qh4 g5 34. Qh6
bxc3 35. bxc3 Na3+ 36. Kb2 Nc4+ 37. Ka1 Qxh6 38. Rxh6 Rxc3 39. Rdh1 Re5 40.
Rh8+ Kg7 41. R8h7+ 1/2-1/2

[Event "I Torneo Low-cost Cape"]
[Site "Madrid ESP"]
[Date "2009.08.03"]
[Round "1.6"]
[White "Escobar Peña, Rafael"]
[Black "Sierra Bermejo, Gregorio"]
[Result "1-0"]
[WhiteElo "1991"]
[BlackElo "1763"]
[PlyCount "75"]
[EventDate "2009.08.03"]
[EventType "swiss"]
[EventRounds "8"]
[EventCountry "ESP"]
[Source "lmi"]
[SourceDate "2009.08.03"]

1. e4 c5 2. Nc3 e6 3. g3 Nc6 4. Bg2 Nf6 5. d3 d5 6. exd5 exd5 7. Nge2 Be7 8.
O-O Bg4 9. h3 Bh5 10. Qe1 Nb4 11. Qd1 O-O 12. g4 Bg6 13. f4 h5 14. g5 Ne8 15.
f5 Bh7 16. h4 Bd6 17. a3 Nc6 18. Bxd5 Nc7 19. Bg2 Re8 20. Ne4 Be5 21. N2g3 g6
22. f6 Ne6 23. Ne2 Qc7 24. Be3 b6 25. Bf2 Bxb2 26. Rb1 Be5 27. N4c3 Bxc3 28.
Nxc3 Rad8 29. Nb5 Qd7 30. Qd2 Ne5 31. Rfe1 Ng4 32. Bg3 Nd4 33. Nxd4 Qxd4+ 34.
Bf2 Qd6 35. Rxe8+ Rxe8 36. Re1 Rd8 37. Qe2 Kh8 38. Qe7 1-0

[Event "I Torneo Low-cost Cape"]
[Site "Madrid ESP"]
[Date "2009.08.03"]
[Round "1.7"]
[White "Sierra Soria, Maria"]
[Black "Garcia Amodia, Daniel"]
[Result "0-1"]
[WhiteElo "1776"]
[BlackElo "1976"]
[PlyCount "92"]
[EventDate "2009.08.03"]
[EventType "swiss"]
[EventRounds "8"]
[EventCountry "ESP"]
[Source "lmi"]
[SourceDate "2009.08.03"]

1. c4 Nf6 2. Nf3 g6 3. d4 Bg7 4. Nc3 O-O 5. e4 d6 6. g3 c6 7. Bg2 e5 8. O-O Qc7
9. Rb1 a5 10. a3 Be6 11. Qe2 Bg4 12. dxe5 dxe5 13. Be3 Nbd7 14. Rfd1 Rfd8 15.
h3 Bxf3 16. Bxf3 Nb6 17. Rbc1 Rxd1+ 18. Rxd1 Rd8 19. b3 Bf8 20. Qb2 Rxd1+ 21.
Nxd1 Nfd7 22. Bd2 a4 23. Ne3 axb3 24. Qxb3 Nc5 25. Qb1 Nbd7 26. Bb4 Ne6 27. Qd1
Nd4 28. Bg2 Qb6 29. Bxf8 Nxf8 30. Ng4 Nd7 31. Nh2 Qc5 32. Qa4 Qb6 33. Qb4 c5
34. Qxb6 Nxb6 35. Bf1 Nc2 36. Nf3 f6 37. Nd2 Nxa3 38. Bd3 Na4 39. Kf1 Nb2 40.
Ke2 Kf7 41. g4 g5 42. f3 Kg6 43. Nb3 b6 44. Kd2 Nbxc4+ 45. Kc3 Nd6 46. Kb2
Nac4+ 0-1

[Event "I Torneo Low-cost Cape"]
[Site "Madrid ESP"]
[Date "2009.08.03"]
[Round "1.8"]
[White "Baeza Escudero, Javier"]
[Black "Romero Jaime, Pedro"]
[Result "1-0"]
[WhiteElo "1946"]
[BlackElo "1737"]
[PlyCount "59"]
[EventDate "2009.08.03"]
[EventType "swiss"]
[EventRounds "8"]
[EventCountry "ESP"]
[Source "lmi"]
[SourceDate "2009.08.03"]

1. e4 c5 2. Nf3 Nc6 3. d4 cxd4 4. Nxd4 Nf6 5. Nc3 e6 6. Ndb5 d6 7. Bf4 e5 8.
Bg5 a6 9. Na3 Be7 10. Nc4 Nd4 11. Bxf6 Bxf6 12. Nd5 b5 13. Ncb6 Rb8 14. Nxc8
Rxc8 15. c3 Nc6 16. a4 Rb8 17. axb5 axb5 18. Be2 Bg5 19. Qb3 O-O 20. O-O b4 21.
Qa4 Qc8 22. Ba6 Qd7 23. Bb5 Rfc8 24. Nxb4 Rb6 25. Bxc6 Rbxc6 26. Nxc6 Rxc6 27.
Qb5 Qc8 28. Ra7 Bd8 29. Rfa1 Rc5 30. Qe8# 1-0

[Event "I Torneo Low-cost Cape"]
[Site "Madrid ESP"]
[Date "2009.08.03"]
[Round "1.9"]
[White "Cepas Castillo, Juan Carlos"]
[Black "Martin Mazuelo, Miguel Angel"]
[Result "0-1"]
[WhiteElo "1618"]
[BlackElo "1929"]
[PlyCount "154"]
[EventDate "2009.08.03"]
[EventType "swiss"]
[EventRounds "8"]
[EventCountry "ESP"]
[Source "lmi"]
[SourceDate "2009.08.03"]

1. e4 c5 2. Nc3 e6 3. g3 Nc6 4. Bg2 Nf6 5. d3 Be7 6. f4 d5 7. exd5 exd5 8. Nf3
O-O 9. O-O Re8 10. Re1 Bg4 11. h3 Bd7 12. Ne5 Be6 13. Nxc6 bxc6 14. b3 Qa5 15.
Bd2 Qc7 16. Qf3 Bd7 17. Re2 Kf8 18. Rae1 Qc8 19. Kh2 Qa6 20. a4 c4 21. dxc4
dxc4 22. Bf1 Be6 23. f5 Bd5 24. Nxd5 cxd5 25. bxc4 Rad8 26. cxd5 Qxa4 27. Qb3
Qxb3 28. cxb3 Rxd5 29. Bg2 Rxf5 30. Bc6 Rc8 31. g4 Bd6+ 32. Kg2 Rc5 33. Ba4 h6
34. Bb4 Rd5 35. Bc3 Kg8 36. Bxf6 gxf6 37. Re8+ Rxe8 38. Rxe8+ Kg7 39. Re3 Kg6
40. Bc6 Rd2+ 41. Kf3 Kg5 42. Re2 Rd1 43. Be8 Kh4 44. Kg2 Rd3 45. Bxf7 Rg3+ 46.
Kf1 Rxh3 47. Be6 Rf3+ 48. Kg2 Rc3 49. Rf2 Kg5 50. Rf5+ Kg6 51. Rf3 Rc2+ 52. Rf2
Rc5 53. Rf5 Be5 54. Rf3 h5 55. gxh5+ Kxh5 56. Bc4 Kg6 57. Bd3+ Kf7 58. Bc4+ Ke7
59. Rh3 Kd6 60. Rd3+ Kc6 61. Rd8 Kb6 62. Rd7 Bc7 63. Rd5 Kc6 64. Rxc5+ Kxc5 65.
Kf3 a5 66. Ke4 a4 67. Kd3 a3 68. Kc2 Ba5 69. Kb1 f5 70. Ka2 Bb4 71. Bf1 Kd4 72.
Bc4 f4 73. Bb5 Ke3 74. Bc4 f3 75. Bb5 Kd2 76. Bc4 Ke1 77. Bb5 f2 0-1

[Event "I Torneo Low-cost Cape"]
[Site "Madrid ESP"]
[Date "2009.08.03"]
[Round "1.10"]
[White "Rodriguez Ballespin, Daniel"]
[Black "Vidal Herrero-Vior, Pablo"]
[Result "1-0"]
[WhiteElo "1937"]
[BlackElo "1752"]
[PlyCount "127"]
[EventDate "2009.08.03"]
[EventType "swiss"]
[EventRounds "8"]
[EventCountry "ESP"]
[Source "lmi"]
[SourceDate "2009.08.03"]

1. e4 c5 2. d3 Nc6 3. f4 d6 4. g3 e5 5. f5 h5 6. Nf3 Bd7 7. Bg2 Be7 8. Nc3 Nf6
9. h3 a6 10. a4 Qc7 11. Bg5 Nd4 12. Bxf6 Bxf6 13. Nd5 Qd8 14. Nd2 Bc6 15. Nxf6+
gxf6 16. O-O Bd7 17. c3 Nc6 18. Nc4 Ke7 19. Ne3 Na5 20. Nd5+ Ke8 21. b4 cxb4
22. cxb4 Nc6 23. b5 Nd4 24. Rc1 Rc8 25. Rxc8 Bxc8 26. Kh2 Bd7 27. bxa6 bxa6 28.
Rf2 Bc6 29. Nb4 Qd7 30. Nxa6 Bxa4 31. Qb1 Ke7 32. Rb2 Bb5 33. Nb4 Kf8 34. Nd5
Kg7 35. Nc3 Bc6 36. Rb8 Rh7 37. Qb6 Rh8 38. Rxh8 Kxh8 39. Qb1 Kg7 40. Qd1 Kh6
41. Qd2+ Kg7 42. Ne2 Nb3 43. Qe3 d5 44. d4 exd4 45. Nxd4 Nxd4 46. Qxd4 dxe4 47.
Qxd7 Bxd7 48. Bxe4 Kh6 49. Kg2 Bb5 50. Kf2 Bd7 51. Ke3 Ba4 52. Kd4 Bd7 53. Kd5
Bb5 54. Kd6 Bc4 55. Ke7 Kg7 56. h4 Kh6 57. Kxf6 Bb3 58. Bc6 Bc4 59. Be8 Bd5 60.
Bxf7 Bxf7 61. Kxf7 Kh7 62. f6 Kh8 63. Kg6 Kg8 64. Kxh5 1-0

[Event "I Torneo Low-cost Cape"]
[Site "Madrid ESP"]
[Date "2009.08.03"]
[Round "1.11"]
[White "Sanchez Tapia, Luis G"]
[Black "Caballero Gallego, Luis"]
[Result "0-1"]
[WhiteElo "1734"]
[BlackElo "1908"]
[PlyCount "183"]
[EventDate "2009.08.03"]
[EventType "swiss"]
[EventRounds "8"]
[EventCountry "ESP"]
[Source "lmi"]
[SourceDate "2009.08.03"]

1. d4 Nf6 2. c4 g6 3. Nc3 Bg7 4. e4 d6 5. Nf3 O-O 6. h3 e5 7. d5 Nbd7 8. Be3 b6
9. b4 a5 10. b5 Nh5 11. Be2 Nf4 12. O-O Nxe2+ 13. Qxe2 f5 14. Ng5 Nf6 15. Bd2
Qe7 16. a4 h6 17. Nf3 f4 18. Nh2 Kh7 19. f3 Nh5 20. Be1 Bf6 21. Qd2 Bh4 22. Kh1
Rg8 23. Ra2 Bd7 24. Ne2 Rg7 25. Bxh4 Qxh4 26. Qe1 Ng3+ 27. Nxg3 fxg3 28. Rg1
Rf8 29. Nf1 Bxh3 30. Qxg3 Qxg3 31. Nxg3 Bd7 32. Nf1 g5 33. Ra3 g4 34. Nd2 Rg5
35. g3 Rh5+ 36. Kg2 gxf3+ 37. Rxf3 Rxf3 38. Nxf3 Bg4 39. Kf2 Bxf3 40. Kxf3 Rh2
41. Kg4 Rf2 42. Ra1 Kg6 43. Ra3 h5+ 44. Kh3 Kg5 45. Ra1 Re2 46. Rf1 Rxe4 47.
Rf8 Rxc4 48. Rf7 Rc5 49. Kg2 Kg4 50. Rg7+ Kf5 51. Rh7 Kg6 52. Rd7 Rc4 53. Kh3
e4 54. Re7 Rc5 55. g4 Kf6 56. Rxe4 hxg4+ 57. Kxg4 Rxd5 58. Rc4 Rc5 59. Rd4 Ke6
60. Kf4 Kd7 61. Ke3 c6 62. bxc6+ Kxc6 63. Rh4 b5 64. axb5+ Kxb5 65. Rh8 Kc4 66.
Kd2 d5 67. Kc2 d4 68. Rh4 a4 69. Rh3 Kb4+ 70. Kb2 Re5 71. Rd3 Kc4 72. Ra3 Ra5
73. Kc2 Kb4 74. Rd3 Rc5+ 75. Kb2 Rc4 76. Rd2 a3+ 77. Ka2 Kc3 78. Rh2 Ra4 79.
Rh4 Ra8 80. Rh7 Ra5 81. Rc7+ Kb4 82. Rd7 Kc4 83. Rc7+ Kd3 84. Rc6 Kd2 85. Rd6
d3 86. Rh6 Kc1 87. Rc6+ Kd1 88. Rd6 d2 89. Rd7 Ra4 90. Rd6 Ke2 91. Re6+ Kd3 92.
Re8 0-1

[Event "I Torneo Low-cost Cape"]
[Site "Madrid ESP"]
[Date "2009.08.03"]
[Round "1.12"]
[White "Lorente Manzanarez, Luis Santia"]
[Black "Kalynovsky, Martin"]
[Result "1-0"]
[WhiteElo "1924"]
[BlackElo "1629"]
[PlyCount "73"]
[EventDate "2009.08.03"]
[EventType "swiss"]
[EventRounds "8"]
[EventCountry "ESP"]
[Source "lmi"]
[SourceDate "2009.08.03"]

1. d4 Nf6 2. c4 c5 3. d5 b5 4. cxb5 a6 5. b6 d6 6. Nc3 Nbd7 7. e4 Nxb6 8. Bd3
g6 9. Nge2 Bg7 10. O-O O-O 11. Kh1 Nh5 12. Rb1 Nd7 13. b3 Ne5 14. Bc2 e6 15.
Bb2 Qa5 16. h3 c4 17. f4 cxb3 18. Bxb3 Nd7 19. dxe6 fxe6 20. Bxe6+ Kh8 21. Bxd7
Bxd7 22. Qxd6 Bb5 23. Nxb5 axb5 24. Bxg7+ Nxg7 25. Qb4 Qxa2 26. Qxb5 Rfb8 27.
Qxb8+ Rxb8 28. Rxb8+ Ne8 29. Rxe8+ Kg7 30. Ng3 Qc4 31. Re5 Qb3 32. Kh2 Qd3 33.
Rf3 Qd6 34. Rd5 Qc6 35. Rfd3 Qf6 36. Rd7+ Kh6 37. Nf5+ 1-0

[Event "I Torneo Low-cost Cape"]
[Site "Madrid ESP"]
[Date "2009.08.03"]
[Round "1.13"]
[White "Fernandez Gil, Ruben C"]
[Black "Garcia Sanz, Eduardo"]
[Result "0-1"]
[WhiteElo "1596"]
[BlackElo "1968"]
[PlyCount "52"]
[EventDate "2009.08.03"]
[EventType "swiss"]
[EventRounds "8"]
[EventCountry "ESP"]
[Source "lmi"]
[SourceDate "2009.08.03"]

1. e4 c6 2. d4 d5 3. Nd2 dxe4 4. Nxe4 Nd7 5. Qe2 e6 6. Nf3 Be7 7. g3 Ngf6 8.
Nxf6+ Bxf6 9. Bg2 O-O 10. O-O Qb6 11. c3 Re8 12. Bf4 Nf8 13. Ne5 Ng6 14. Nxg6
hxg6 15. Bd6 Bd7 16. f4 Bxd4+ 17. Kh1 Bf6 18. Rad1 Rad8 19. Ba3 e5 20. fxe5
Rxe5 21. Qf3 Be6 22. Rxd8+ Qxd8 23. Rd1 Bd5 24. Qd3 Re1+ 25. Rxe1 Bxg2+ 26.
Kxg2 Qxd3 0-1

[Event "I Torneo Low-cost Cape"]
[Site "Madrid ESP"]
[Date "2009.08.03"]
[Round "1.14"]
[White "Lucas Garcia, Pedro"]
[Black "Zuazua Conde, Ivan Javier"]
[Result "1-0"]
[WhiteElo "1907"]
[BlackElo "1442"]
[PlyCount "37"]
[EventDate "2009.08.03"]
[EventType "swiss"]
[EventRounds "8"]
[EventCountry "ESP"]
[Source "lmi"]
[SourceDate "2009.08.03"]

1. e4 e5 2. Nc3 Nf6 3. f4 exf4 4. e5 Ng8 5. Nf3 Bc5 6. d4 Bb4 7. Bc4 d6 8. O-O
Bxc3 9. bxc3 d5 10. Bd3 Be6 11. Bxf4 Ne7 12. Ng5 Nf5 13. Bc1 Qd7 14. Nxe6 fxe6
15. Bxf5 exf5 16. e6 Qe7 17. Rxf5 Nc6 18. Bg5 Qxe6 19. Qf1 1-0

[Event "I Torneo Low-cost Cape"]
[Site "Madrid ESP"]
[Date "2009.08.04"]
[Round "2.2"]
[White "Caballero Gallego, Luis"]
[Black "Tejedor Ariza, Francisco"]
[Result "1/2-1/2"]
[WhiteElo "1908"]
[BlackElo "2170"]
[PlyCount "75"]
[EventDate "2009.08.03"]
[EventType "swiss"]
[EventRounds "8"]
[EventCountry "ESP"]
[Source "lmi"]
[SourceDate "2009.08.03"]

1. e4 c5 2. c3 d5 3. exd5 Qxd5 4. d4 Nc6 5. Nf3 Bg4 6. Be2 Nf6 7. O-O e6 8. Be3
cxd4 9. cxd4 Be7 10. Nc3 Qd8 11. h3 Bh5 12. a3 O-O 13. b4 Rc8 14. Rc1 a6 15.
Qb3 Bd6 16. Rfd1 Ne7 17. g4 Bg6 18. Ne5 Nfd5 19. Bf3 Nxe3 20. fxe3 Bxe5 21.
dxe5 Qb6 22. Ne4 Bxe4 23. Bxe4 Rxc1 24. Rxc1 Rd8 25. Kf2 Rd2+ 26. Kf3 Qb5 27.
Qc4 Qxc4 28. Rxc4 Rd7 29. Rd4 Rxd4 30. exd4 Nd5 31. Bxd5 exd5 32. Kf4 g6 33. h4
Kg7 34. a4 f6 35. g5 fxg5+ 36. Kxg5 h6+ 37. Kg4 Kf7 38. Kf4 1/2-1/2

[Event "I Torneo Low-cost Cape"]
[Site "Madrid ESP"]
[Date "2009.08.04"]
[Round "2.3"]
[White "Ventas Cosano, David"]
[Black "Lorente Manzanarez, Luis Santia"]
[Result "1-0"]
[WhiteElo "2148"]
[BlackElo "1924"]
[PlyCount "131"]
[EventDate "2009.08.03"]
[EventType "swiss"]
[EventRounds "8"]
[EventCountry "ESP"]
[Source "lmi"]
[SourceDate "2009.08.03"]

1. d4 Nf6 2. Nf3 d5 3. Bf4 e6 4. e3 Be7 5. Bd3 O-O 6. Nbd2 Nbd7 7. O-O c5 8. c3
Re8 9. h3 Nf8 10. Ne5 a6 11. Qf3 Ng6 12. g4 Nxe5 13. Bxe5 Bd6 14. g5 Bxe5 15.
dxe5 Nd7 16. Qg3 b6 17. f4 Nf8 18. Nf3 Bb7 19. Nh2 Rc8 20. Ng4 Kh8 21. Kh2 d4
22. exd4 cxd4 23. c4 Rc7 24. Rg1 Qa8 25. Rae1 Bf3 26. Ref1 Bxg4 27. hxg4 Qb8
28. Kg2 f6 29. Qh4 fxe5 30. fxe5 g6 31. Rf6 Rg7 32. Rgf1 Kg8 33. Qf2 Nd7 34.
Qf4 Nxf6 35. gxf6 Rf8 36. Qh6 Rc7 37. Bxg6 Qa8+ 38. Kg3 Qb7 39. f7+ Rfxf7 40.
Bxf7+ Rxf7 41. Qxe6 Kg7 42. Qxf7+ Qxf7 43. Rxf7+ Kxf7 44. Kf3 Ke6 45. Ke4 d3
46. Kxd3 Kxe5 47. Ke3 b5 48. cxb5 axb5 49. a3 h6 50. b3 Kd5 51. Kf4 Kd4 52. a4
b4 53. a5 Kc5 54. Ke5 Kb5 55. Kd5 Kxa5 56. Kc5 Ka6 57. Kxb4 Kb6 58. Kc4 Kc6 59.
b4 Kb6 60. b5 Kb7 61. Kc5 Kc7 62. b6+ Kb7 63. Kb5 Kb8 64. Kc6 Kc8 65. b7+ Kb8
66. Kb6 1-0

[Event "I Torneo Low-cost Cape"]
[Site "Madrid ESP"]
[Date "2009.08.04"]
[Round "2.4"]
[White "Garcia Sanz, Eduardo"]
[Black "Vallejo Nuño, Jorge"]
[Result "1-0"]
[WhiteElo "1968"]
[BlackElo "2083"]
[PlyCount "51"]
[EventDate "2009.08.03"]
[EventType "swiss"]
[EventRounds "8"]
[EventCountry "ESP"]
[Source "lmi"]
[SourceDate "2009.08.03"]

1. Nf3 Nf6 2. c4 e6 3. g3 d5 4. b3 c5 5. Bg2 Nc6 6. cxd5 exd5 7. O-O d4 8. Bb2
Be7 9. d3 O-O 10. Nbd2 Bd6 11. e4 dxe3 12. fxe3 Ng4 13. Re1 Bc7 14. Ne4 Nb4 15.
Nxc5 Bb6 16. Bd4 Nc6 17. Rc1 Nxd4 18. exd4 Be6 19. Qd2 Bd5 20. Qf4 h5 21. Qg5
f6 22. Qxh5 Bxf3 23. Bxf3 Qxd4+ 24. Kh1 Nf2+ 25. Kg2 Bxc5 26. Bd5+ 1-0

[Event "I Torneo Low-cost Cape"]
[Site "Madrid ESP"]
[Date "2009.08.04"]
[Round "2.5"]
[White "Avendano Mateos, Jose"]
[Black "Escobar Peña, Rafael"]
[Result "1-0"]
[WhiteElo "1925"]
[BlackElo "1991"]
[PlyCount "53"]
[EventDate "2009.08.03"]
[EventType "swiss"]
[EventRounds "8"]
[EventCountry "ESP"]
[Source "lmi"]
[SourceDate "2009.08.03"]

1. d4 d5 2. Nf3 Nf6 3. Bf4 Bf5 4. e3 e6 5. c4 c6 6. Qb3 b6 7. Nc3 Bd6 8. Bxd6
Qxd6 9. Be2 Nbd7 10. O-O Ne4 11. Nxe4 Bxe4 12. Rac1 c5 13. cxd5 Bxd5 14. Qa3
O-O 15. Rfd1 Qb8 16. Bb5 Bxf3 17. gxf3 Qb7 18. Bxd7 Qxd7 19. dxc5 Qc6 20. e4
Rfd8 21. b4 h6 22. Rxd8+ Rxd8 23. Qxa7 bxc5 24. Qxc5 Qa6 25. Qc4 Rd1+ 26. Kg2
Rxc1 27. Qxa6 1-0

[Event "I Torneo Low-cost Cape"]
[Site "Madrid ESP"]
[Date "2009.08.04"]
[Round "2.6"]
[White "Garcia Amodia, Daniel"]
[Black "Lucas Garcia, Pedro"]
[Result "1-0"]
[WhiteElo "1976"]
[BlackElo "1907"]
[PlyCount "85"]
[EventDate "2009.08.03"]
[EventType "swiss"]
[EventRounds "8"]
[EventCountry "ESP"]
[Source "lmi"]
[SourceDate "2009.08.03"]

1. e4 c5 2. Nf3 e6 3. d4 cxd4 4. Nxd4 Nc6 5. Be3 Nf6 6. Nxc6 bxc6 7. Bd3 d5 8.
exd5 cxd5 9. Bd4 Be7 10. Qe2 O-O 11. O-O Bd7 12. Nd2 Qa5 13. Nf3 Rab8 14. a3
Bb5 15. Ng5 Bxd3 16. Qxd3 g6 17. Qf3 Qd8 18. Qh3 Nh5 19. f4 Bxg5 20. fxg5 Qxg5
21. Rae1 f5 22. Qf3 Rfe8 23. b4 Qg4 24. Qxg4 fxg4 25. Re5 Ng7 26. Rfe1 Kf7 27.
Bc5 Rbc8 28. R5e2 Rc7 29. c3 a6 30. a4 Nf5 31. Rf1 Rc6 32. Rc1 Ra8 33. a5 Rac8
34. c4 Rxc5 35. bxc5 Rxc5 36. Rb2 d4 37. Rb7+ Kf6 38. Rxh7 e5 39. Rb7 Rxa5 40.
c5 Ra2 41. c6 Nd6 42. c7 d3 43. Rb6 1-0

[Event "I Torneo Low-cost Cape"]
[Site "Madrid ESP"]
[Date "2009.08.04"]
[Round "2.7"]
[White "Bartolome Chicharro, Jesus"]
[Black "Baeza Escudero, Javier"]
[Result "0-1"]
[WhiteElo "1823"]
[BlackElo "1946"]
[PlyCount "69"]
[EventDate "2009.08.03"]
[EventType "swiss"]
[EventRounds "8"]
[EventCountry "ESP"]
[Source "lmi"]
[SourceDate "2009.08.03"]

1. b3 e5 2. Bb2 Nc6 3. e3 d6 4. Nf3 Nf6 5. d4 e4 6. Nfd2 Bg4 7. Be2 Bxe2 8.
Qxe2 d5 9. a3 Be7 10. c4 O-O 11. Nc3 Re8 12. cxd5 Nxd5 13. Ncxe4 f5 14. Nc3 Kh8
15. Nxd5 Qxd5 16. Qf3 Qb5 17. d5 Na5 18. b4 c5 19. Bxg7+ Kxg7 20. bxa5 Bf6 21.
Rb1 Qd7 22. O-O Kh8 23. Rfd1 Rac8 24. Nc4 Re4 25. Nd2 Re5 26. e4 Bg7 27. d6 c4
28. exf5 c3 29. Qxb7 Qxb7 30. Rxb7 cxd2 31. Rbb1 Rd5 32. Kf1 Re8 33. Rb7 Bc3
34. Re7 Rxe7 35. dxe7 0-1

[Event "I Torneo Low-cost Cape"]
[Site "Madrid ESP"]
[Date "2009.08.04"]
[Round "2.9"]
[White "Rodriguez De Castro, Ayar"]
[Black "Gormaz Lietor, Andres Miguel"]
[Result "1-0"]
[WhiteElo "2084"]
[BlackElo "1825"]
[PlyCount "126"]
[EventDate "2009.08.03"]
[EventType "swiss"]
[EventRounds "8"]
[EventCountry "ESP"]
[Source "lmi"]
[SourceDate "2009.08.03"]

1. d4 Nf6 2. Nf3 b6 3. c4 e6 4. g3 Bb7 5. Bg2 c5 6. e3 Be7 7. Nc3 O-O 8. O-O d5
9. cxd5 exd5 10. Re1 Re8 11. b3 Na6 12. Bb2 Bf8 13. Rc1 Nb4 14. a3 Na6 15. Ne2
Nc7 16. Rc2 Bc8 17. Qa1 Bf5 18. Rcc1 Ng4 19. h3 Nf6 20. Ne5 Ne4 21. Red1 Qg5
22. dxc5 bxc5 23. Nf3 Qh6 24. Be5 Bd6 25. Nf4 Rad8 26. Nxd5 Nxd5 27. Rxd5 Be6
28. Rd3 Bxe5 29. Nxe5 Rxd3 30. Nxd3 Nd2 31. Nxc5 Bxh3 32. Qd4 Bxg2 33. Kxg2
Qc6+ 34. e4 Nxe4 35. Qd7 Qa8 36. Qb7 Nxc5 37. Qxa8 Rxa8 38. Rxc5 g6 39. b4 Kg7
40. g4 h6 41. Ra5 Kf6 42. Kf3 Ke6 43. Ke4 Kd6 44. Ra6+ Kc7 45. Rf6 Re8+ 46. Kd5
Rd8+ 47. Kc5 Rd7 48. Rf3 Re7 49. Rf6 Rd7 50. Rf3 Re7 51. Rf6 Re5+ 52. Kd4 Re7
53. Kd5 Rd7+ 54. Kc5 Re7 55. a4 Re5+ 56. Kd4 Re7 57. b5 Rd7+ 58. Kc5 Re7 59. f3
Re5+ 60. Kd4 Re7 61. a5 Kb7 62. Kd5 Kc7 63. Rc6+ Kb7 1-0

[Event "I Torneo Low-cost Cape"]
[Site "Madrid ESP"]
[Date "2009.08.04"]
[Round "2.10"]
[White "Tolosana Esteban, Enrique"]
[Black "Garcia-Ines Sanchez, Gustavo"]
[Result "0-1"]
[WhiteElo "1861"]
[BlackElo "1793"]
[PlyCount "126"]
[EventDate "2009.08.03"]
[EventType "swiss"]
[EventRounds "8"]
[EventCountry "ESP"]
[Source "lmi"]
[SourceDate "2009.08.03"]

1. e4 c5 2. c3 d6 3. d4 cxd4 4. cxd4 Nc6 5. Be3 Nf6 6. Nc3 Ng4 7. Bg5 Qb6 8.
Nb5 a6 9. Qa4 Bd7 10. h3 Nf6 11. Bxf6 gxf6 12. d5 Na7 13. Qd4 Qxd4 14. Nxd4 Bg7
15. O-O-O Ba4 16. b3 Bd7 17. Be2 Nb5 18. Nxb5 axb5 19. Kb1 f5 20. f3 O-O 21. g4
Ra3 22. gxf5 Bh6 23. Bd3 Rfa8 24. Rh2 Bg7 25. Rc2 Rxb3+ 26. Kc1 Bh6+ 27. Rdd2
Bxd2+ 28. Kxd2 Rba3 29. Ke3 Rxa2 30. Rc7 Be8 31. Rxe7 R2a7 32. Rc7 b4 33. Rc2
Ra3 34. Ne2 Bb5 35. Nf4 Bxd3 36. Nxd3 Rc3 37. Rg2+ Kf8 38. Kd4 Rac8 39. Rb2
R8c4+ 40. Ke3 b3 41. f6 Ke8 42. f4 Rc8 43. e5 Kd7 44. Ke4 Rg8 45. Kd4 Rgc8 46.
Re2 R8c4+ 47. Ke3 Rc2 48. Re1 b2 49. Rb1 Rh2 50. f5 Rxh3+ 51. Kd2 Rd4 52. e6+
fxe6 53. dxe6+ Ke8 54. f7+ Kf8 55. f6 Rdxd3+ 56. Kc2 Rdf3 57. Re1 Rc3+ 58. Kxb2
Rce3 59. e7+ Kxf7 60. Rc1 Kxf6 61. Rc2 Kxe7 62. Rc7+ Ke6 63. Kc2 Rc3+ 0-1